000
00208 a2200109 4500
020
_a
0395512417
041
_a
spa
100
_a
Ramos, German
245
_a
El robo de las Aes
942
_c
BK
999
_c
29690
_d
29688
999
_d
29688